[Event "Amazonas zt"]
[Site "Manaus"]
[Date "2013.06.09"]
[Round "1"]
[White "Gutierrez, Enrique Alberto Sot"]
[Black "Tavares, Vinicius dos Reis"]
[Result "1-0"]
[WhiteElo "1919"]
[BlackElo "1727"]
[PlyCount "49"]
[EventDate "2013.06.09"]
[EventType "swiss"]
[EventRounds "6"]
[EventCountry "BRA"]
[SourceTitle "EXT 2014"]
[Source "ChessBase"]
[SourceDate "2013.11.20"]
[SourceVersion "1"]
[SourceVersionDate "2013.11.20"]
[SourceQuality "1"]

1. d4 Nf6 2. c4 g6 3. Nc3 Bg7 4. e4 d6 5. Bd3 c5 6. d5 0-0 7. Nge2 e5 8. Ng3 Ne8 9. 0-0 Nc7 10. Be3 a6 11. Qd2 Nd7 12. a4 a5 13. Ra3 Rb8 14. Kh1 b6 15. Bh6 Qh4 16. Bg5 Bh6 17. Bxh6 Re8 18. Bg5 Qxg5 19. Qxg5 f6 20. Qh6 Nf8 21. f4 Kf7 22. Be2 Na6 23. Nb5 Rb7 24. Nxd6+ Ke7 25. fxe5 1-0

[Event "FENAJ-ch U16"]
[Site "Brazil"]
[Date "2013.06.01"]
[Round "4"]
[White "Maia, Miguel Torres de Az"]
[Black "Tavares, Vinicius dos Reis"]
[Result "0-1"]
[WhiteElo "1769"]
[BlackElo "1728"]
[PlyCount "76"]
[EventDate "2013.05.30"]
[EventType "swiss"]
[EventRounds "6"]
[EventCountry "BRA"]
[SourceTitle "EXT 2015"]
[Source "ChessBase"]
[SourceDate "2014.11.20"]
[SourceVersion "1"]
[SourceVersionDate "2014.11.20"]
[SourceQuality "1"]

1. e4 c5 2. Nf3 d6 3. d4 cxd4 4. Nxd4 Nf6 5. Nc3 a6 6. f3 e5 7. Nb3 Nc6 8. Be3 b5 9. Qd2 Be6 10. Nd5 Rb8 11. g4 Nd7 12. 0-0-0 Nc5 13. Nxc5 dxc5 14. Be2 Bd6 15. h4 Nd4 16. h5 h6 17. f4 Bc7 18. Nxc7+ Qxc7 19. f5 Bxa2 20. b3 Bxb3 21. cxb3 Nxb3+ 22. Kb2 Nxd2 23. Bxd2 0-0 24. g5 Qc6 25. f6 gxf6 26. gxh6 Qxe4 27. Rhg1+ Kh8 28. Rde1 Rg8 29. Bg4 Qd5 30. h7 Kxh7 31. Bf5+ Kh8 32. Be4 Qxd2+ 33. Bc2 Qd4+ 34. Ka2 Rxg1 35. Re2 Qd5+ 36. Ka3 b4+ 37. Kb2 Qd4+ 38. Kb3 Qc3+ 0-1

[Event "FENAJ-ch U16"]
[Site "Brazil"]
[Date "2013.05.31"]
[Round "3"]
[White "Tavares, Vinicius dos Reis"]
[Black "Goncalves, Ruan Lucas Alves"]
[Result "0-1"]
[WhiteElo "1728"]
[BlackElo "1773"]
[PlyCount "74"]
[EventDate "2013.05.30"]
[EventType "swiss"]
[EventRounds "6"]
[EventCountry "BRA"]
[SourceTitle "EXT 2015"]
[Source "ChessBase"]
[SourceDate "2014.11.20"]
[SourceVersion "1"]
[SourceVersionDate "2014.11.20"]
[SourceQuality "1"]

1. d4 Nf6 2. c4 g6 3. Nc3 Bg7 4. Nf3 0-0 5. Bg5 d6 6. e3 Nbd7 7. Bd3 c5 8. 0-0 a6 9. a4 Rb8 10. Qc2 Qc7 11. Rfc1 b6 12. dxc5 bxc5 13. Nd5 Nxd5 14. Rcb1 Nb4 15. Qd2 Nxd3 16. Qxd3 Nf6 17. h3 Bf5 18. Qd2 Bxb1 19. Rxb1 Ne4 20. Qd5 Nxg5 21. Nxg5 h6 22. Nf3 Bxb2 23. e4 Bg7 24. Rf1 Qb7 25. Qxb7 Rxb7 26. Nd2 Rb4 27. a5 Rfb8 28. Rc1 h5 29. f4 Bd4+ 30. Kf1 Be3 31. Ke2 Bxd2 32. Kxd2 Rb2+ 33. Rc2 R8b4 34. g4 Rxc2+ 35. Kxc2 Rxc4+ 36. Kd3 hxg4 37. hxg4 Ra4 0-1

[Event "Manaus Taj Mahal op"]
[Site "Manaus"]
[Date "2012.09.14"]
[Round "2"]
[White "Galvao da Silva, Paulo Franca"]
[Black "Tavares, Vinicius dos Reis"]
[Result "1-0"]
[WhiteElo "1800"]
[BlackElo "1748"]
[PlyCount "25"]
[EventDate "2012.09.14"]
[EventType "swiss"]
[EventRounds "6"]
[EventCountry "BRA"]
[SourceTitle "EXT 2013"]
[Source "ChessBase"]
[SourceDate "2012.11.22"]
[SourceVersion "1"]
[SourceVersionDate "2012.11.22"]
[SourceQuality "1"]

1. e4 e5 2. Nf3 Nc6 3. Bc4 Nf6 4. Ng5 d5 5. exd5 Nxd5 6. Nxf7 Kxf7 7. Qf3+ Ke6 8. Nc3 Ncb4 9. a3 Nxc2+ 10. Kf1 Nxa1 11. Bxd5+ Ke7 12. Qf7+ Kd6 13. Ne4# 1-0

[Event "Manaus Taj Mahal op"]
[Site "Manaus"]
[Date "2012.09.14"]
[Round "1"]
[White "Tavares, Vinicius dos Reis"]
[Black "Arenillas Nahuel, Oliveira"]
[Result "0-1"]
[WhiteElo "1748"]
[BlackElo "1703"]
[PlyCount "23"]
[EventDate "2012.09.14"]
[EventType "swiss"]
[EventRounds "6"]
[EventCountry "BRA"]
[SourceTitle "EXT 2013"]
[Source "ChessBase"]
[SourceDate "2012.11.22"]
[SourceVersion "1"]
[SourceVersionDate "2012.11.22"]
[SourceQuality "1"]

1. e4 c6 2. Nf3 d5 3. Bd3 Bg4 4. exd5 cxd5 5. c4 Nf6 6. Nc3 d4 7. Be4 Nc6 8. Nd5 Nxe4 9. h3 Bxf3 10. gxf3 Nf6 11. Nxf6+ exf6 12. b3 0-1